| 000 | 00451nam a2200181Ia 4500 | ||
|---|---|---|---|
| 001 | 1784 | ||
| 005 | 20260306143754.0 | ||
| 008 | 260306t2010||||xx |||||||||||||| ||spa|| | ||
| 041 | _aESP | ||
| 082 |
_a155.4 _bM96 |
||
| 100 |
_aMuñoz Garcia, Antonio _eAUT |
||
| 245 | 0 | _aPsicología del desarrollo en el etapa de educación primaria | |
| 260 | _c2010 | ||
| 300 |
_a204páginas : _c |
||
| 650 | _aGEN | ||
| 654 | _aCPS | ||
| 942 |
_cLIB _dJUS _fJUS _2ddc _n |
||
| 999 |
_c1784 _d1784 |
||